Explicit Differences
| Main Author: | |
|---|---|
| Format: | Print Article |
| Language: | English |
| Check availability: | HBZ Gateway |
| Interlibrary Loan: | Interlibrary Loan for the Fachinformationsdienste (Specialized Information Services in Germany) |
| Published: |
1995
|
| In: |
Religious education
Year: 1995, Volume: 90, Issue: 3/4, Pages: 388-398 |
| Standardized Subjects / Keyword chains: | B
Religious education
/ Moral education
/ Multi-cultural society
|
| RelBib Classification: | RF Christian education; catechetics ZF Education |
MARC
| LEADER | 00000caa a22000002c 4500 | ||
|---|---|---|---|
| 001 | 1639976906 | ||
| 003 | DE-627 | ||
| 005 | 20220616111220.0 | ||
| 007 | tu | ||
| 008 | 160405s1995 xx ||||| 00| ||eng c | ||
| 035 | |a (DE-627)1639976906 | ||
| 035 | |a (DE-576)464920612 | ||
| 035 | |a (DE-599)BSZ464920612 | ||
| 040 | |a DE-627 |b ger |c DE-627 |e rakwb | ||
| 041 | |a eng | ||
| 084 | |a 1 |a 0 |2 ssgn | ||
| 100 | 1 | |a Standish, Paul |4 aut | |
| 245 | 1 | 0 | |a Explicit Differences |
| 264 | 1 | |c 1995 | |
| 336 | |a Text |b txt |2 rdacontent | ||
| 337 | |a ohne Hilfsmittel zu benutzen |b n |2 rdamedia | ||
| 338 | |a Band |b nc |2 rdacarrier | ||
| 601 | |a Explicit | ||
| 652 | |a RF:ZF | ||
| 689 | 0 | 0 | |d s |0 (DE-588)4130226-6 |0 (DE-627)104418583 |0 (DE-576)209617160 |2 gnd |a Religiöse Erziehung |
| 689 | 0 | 1 | |d s |0 (DE-588)4055179-9 |0 (DE-627)10467511X |0 (DE-576)209112611 |2 gnd |a Sittliche Erziehung |
| 689 | 0 | 2 | |d s |0 (DE-588)4214151-5 |0 (DE-627)105067342 |0 (DE-576)21021869X |2 gnd |a Multikulturelle Gesellschaft |
| 689 | 0 | |5 (DE-627) | |
| 773 | 0 | 8 | |i In |t Religious education |d London [u.a.] : Taylor & Francis, 1906 |g 90(1995), 3/4, Seite 388-398 |w (DE-627)129888699 |w (DE-600)301770-9 |w (DE-576)015192032 |x 0034-4087 |7 nnas |
| 773 | 1 | 8 | |g volume:90 |g year:1995 |g number:3/4 |g pages:388-398 |
| 935 | |a mteo | ||
| 951 | |a AR | ||
| ELC | |b 1 | ||
| ITA | |a 1 |t 1 | ||
| LOK | |0 000 xxxxxcx a22 zn 4500 | ||
| LOK | |0 001 3301174272 | ||
| LOK | |0 003 DE-627 | ||
| LOK | |0 004 1639976906 | ||
| LOK | |0 005 20160405121708 | ||
| LOK | |0 008 160404||||||||||||||||ger||||||| | ||
| LOK | |0 040 |a DE-Tue135 |c DE-627 |d DE-Tue135 | ||
| LOK | |0 092 |o n | ||
| LOK | |0 852 |a DE-Tue135 | ||
| LOK | |0 852 1 |9 00 | ||
| LOK | |0 935 |a ixzs |a ixmi | ||
| LOK | |0 936ln |0 1442053712 |a ZF | ||
| LOK | |0 936ln |0 1442053151 |a RF | ||
| LOK | |0 939 |a 04-04-16 |b l01 | ||
| ORI | |a SA-MARC-ixtheoa001.raw | ||
| REL | |a 1 | ||
| STA | 0 | 0 | |a Moral education,Ethical education,Multi-cultural society,Multicultural society,Cultural pluralism,Pluralism,Culture,Cultural pluralism,Religious education |
| STB | 0 | 0 | |a Société multiculturelle,Société multiculturelle,Éducation morale,Éducation religieuse |
| STC | 0 | 0 | |a Educación moral,Educación religiosa,Sociedad multicultural,Sociedad multicultural |
| STD | 0 | 0 | |a Educazione morale,Educazione religiosa,Società multiculturale,Società multiculturale |
| STE | 0 | 0 | |a 多元文化社会,宗教教育,道德教育 |
| STF | 0 | 0 | |a 多元文化社會,宗教教育,道德教育 |
| STG | 0 | 0 | |a Educação moral,Educação religiosa,Sociedade multicultural,Sociedade multicultural |
| STH | 0 | 0 | |a Многокультурное общество (мотив),Многокультурное общество,Нравственное воспитание,Религиозное воспитание |
| STI | 0 | 0 | |a Ηθική εκπαίδευση,Ηθική διαπαιδαγώγηση,Θρησκευτική εκπαίδευση,Πολυπολιτισμική κοινωνία (μοτίβο),Πολυπολιτισμική κοινωνία |
| SUB | |a REL | ||
| SYG | 0 | 0 | |a Glaubenserziehung , Ethische Erziehung,Moral,Moralerziehung,Moralische Erziehung,Moralpädagogik , Interkulturalität,Interkulturelle Gesellschaft,Kulturpluralismus,Multikulturalismus,Multiethnische Gesellschaft,Multi-racial society,Rassenpluralismus,Transkulturalität,Transkulturelle Gesellschaft,Interkulturalität,Interkulturelle Gesellschaft,Kulturpluralismus,Kulturelle Vielfalt,Kulturelle Diversität,Multikulturalismus,Multiethnische Gesellschaft,Multi-racial society,Rassenpluralismus,Transkulturelle Gesellschaft,Multikulti,Multikulturalität |



